01540nam a2200349 a 450000100060000000300080000600500170001400600190003100700150005000800410006502000180010603500230012403500240014703500250017103500210019604000260021705000260024308000080026908200150027724501750029226002610046730000110072844000350073953301640077465000430093865000370098165500270101870000260104570000380107171000190110985600620112847374FlNmELB20241216231847.0m o d | cr cn|||||||||201002r2007 mx |||||s|||||||||||spa d z9789684966345 a(MiAaPQ)EBC3186233 a(Au-PeEL)EBL3186233 a(CaPaEBR)ebr10357134 a(OCoLC)928932685 aFlNmELBbspacFlNmELB 4aHN110.5.Z9bR438 2007 a00804a301.1822204aLos retos de la diferenciah[recurso electronico] :blos actores de la muliculturalidad entre México y Colombia /cOdile Hoffmann, María Teresa Rodríguez, editoras. aMéxico, D.F. :bCIESAS - Centro de Investigaciones y Estudios Superiores en Antropología Social :bCentro de Estudios Mexicanos y Centroamericanos :bInstituto Colombiano de Antropologia e Historia :bInstitut de Recherche pour le Developpement,c2007. a551 p. 0aPublicaciones de la Casa Chata aRecurso electrónico. Santa Fe, Arg.: e-libro, 2015. Disponible vía World Wide Web. El acceso puede estar limitado para las bibliotecas afiliadas a e-libro. 4aMulticulturalismozColombiazMéxico. 4aMulticulturalismzLatin America. 4aLibros electrónicos.1 aHoffmann, Odile,eed.1 aRodríguez, María Teresa,eed.2 ae-libro, Corp.40uhttps://elibro.net/ereader/politecnicointernacional/72484